Convergence of Slovakia to the EU: Measures and Perspectives

Saved in:
Bibliographic Details
Main Author: Valach, Matej
Other Authors: Hudcovský, Martin, 1988-
Format: Book Chapter
Language:English
Subjects:
Tags: Add Tag
No Tags, Be the first to tag this record!

MARC

LEADER 00000naa$a2200000$$$4500
001 0211367
005 20240502083528.7
041 0 |a eng 
044 |a SG 
245 1 0 |a Convergence of Slovakia to the EU: Measures and Perspectives  |c Matej Valach, Martin Hudcovský 
500 |a Abstrakt 
610 2 0 |a Slovensko 
610 2 0 |a konvergencia 
610 2 0 |a Európska únia 
610 2 0 |a vývoj hospodársky 
100 1 |a Valach, Matej 
700 1 |a Hudcovský, Martin, 1988-